000 00304nam a2200133Ia 4500
005 20260328104341.0
008 260328s9999||||xx |||||||||||||| ||und||
100 _aShaohui, Wu
245 0 _aLa Historia del Té /
_cWu Shaohui
260 _bPopular
300 _a133 p.
650 _aCHINA
942 _cBK
999 _c12125
_d12125